|
|
|
|
| LEADER |
00000naa2a2200000 4500 |
| 001 |
447282 |
| 005 |
20231101082711.0 |
| 035 |
|
|
|a (RuTPU)RU\TPU\prd\109249
|
| 035 |
|
|
|a RU\TPU\tpu\11996
|
| 090 |
|
|
|a 447282
|
| 100 |
|
|
|a 20110512a1985 k y0rusy50 ca
|
| 101 |
0 |
|
|a rus
|
| 102 |
|
|
|a RU
|
| 200 |
1 |
|
|a Повышение технологической устойчивости процесса дуговой сварки покрытыми электродами модулированным током
|f Р. И. Дедюх [и др.]
|
| 320 |
|
|
|a Библиогр.: с. 21 (5 назв.)
|
| 330 |
|
|
|a Приведены результаты изучения возможности повышения технологической устойчивости процесса дуговой сварки покрытыми электродами модулированным током путем принудительной активизации разрушения перемычки во время паузы за счет включения на время короткого замыкания тока импульса. Это позволяет исключить характерные для данного процесса нарушения и тем самым в 2-4 раза повысить технологическую устойчивость процесса сварки, оцениваемую по минимальному току паузы
|
| 461 |
|
0 |
|0 (RuTPU)RU\TPU\prd\338
|t Сварочное производство
|o научно-технический и производственный журнал
|f СССР, Государственный комитет по науке и технике
|d 1955-
|
| 463 |
|
0 |
|0 (RuTPU)RU\TPU\prd\109248
|t № 1
|v С. 20-21
|d 1985
|
| 610 |
1 |
|
|a технологическая устойчивость
|
| 610 |
1 |
|
|a дуговая сварка
|
| 610 |
1 |
|
|a электроды
|
| 610 |
1 |
|
|a моделированный ток
|
| 610 |
1 |
|
|a труды учёных ТПУ
|
| 701 |
|
1 |
|a Дедюх
|b Р. И.
|c специалист в области машиностроения
|c доцент Томского политехнического университета, кандидат технических наук
|c заместитель директора Института физики высоких технологий Томского политехнического университета
|f 1943-
|g Ростислав Иванович
|2 stltpush
|3 (RuTPU)RU\TPU\pers\27254
|4 070
|
| 701 |
|
1 |
|a Князьков
|b А. Ф.
|c российский ученый, специалист в области сварки
|c доцент Института неразрушающего контроля Томского политехнического университета
|c доцент Юргинского технологического института (филиал) Томского политехнического университета
|f 1939-
|g Анатолий Фёдорович
|2 stltpush
|3 (RuTPU)RU\TPU\pers\27411
|4 070
|
| 701 |
|
1 |
|a Азаров
|b Н. А.
|c специалист в области сварочного производства
|c доцент Томского политехнического университета
|f 1951-
|g Николай Антонович
|2 stltpush
|3 (RuTPU)RU\TPU\pers\26674
|4 070
|
| 701 |
|
1 |
|a Мазель
|b А. Г.
|
| 801 |
|
1 |
|a RU
|b 63413507
|c 20040324
|g PSBO
|
| 801 |
|
2 |
|a RU
|b 63413507
|c 20120116
|g RCR
|
| 942 |
|
|
|c BK
|